After 1975 Highway Program of AASHO : hearings before the United States House Committee on Public Works, Subcommittee on Roads, Ninetieth Congress, second session, on June 3, 1968.

Committee Serial No. 90-31. Considers American Association of State Highway Officials forecast of post 1975 interstate highway progress and effect of future increased auto use on auto safety, pollution and highway maintenance.

Bibliographic Details
Corporate Authors: United States. Congress. House. Committee on Public Works. Subcommittee on Roads, ProQuest (Firm)
Format: eBook
Language:English
Published: Washington : U.S. G.P.O., 1968.
Series:U.S. Congressional Hearings.
Subjects:
Online Access:Connect to the full text of this electronic book

MARC

Tag First Indicator Second Indicator Subfields
LEADER 00000cam a22000001a 4500
001 in00003203021
006 m d f
007 cr bn mmmapmmp
008 090623s1968 dcu o f000 0 eng d
005 20260511195936.5
035 |a cis2007431953 
040 |a UMI  |c UMI  |d UtOrBLW 
043 |a n-us--- 
099 |a HRG-1968-PWH-0011 
110 1 |a United States.  |b Congress.  |b House.  |b Committee on Public Works.  |b Subcommittee on Roads. 
245 1 0 |a After 1975 Highway Program of AASHO :  |b hearings before the United States House Committee on Public Works, Subcommittee on Roads, Ninetieth Congress, second session, on June 3, 1968. 
264 1 |a Washington :  |b U.S. G.P.O.,  |c 1968. 
300 |a 1 online resource. 
336 |a text  |b txt  |2 rdacontent 
337 |a computer  |b c  |2 rdamedia 
338 |a online resource  |b cr  |2 rdacarrier 
500 |a Record is based on bibliographic data in ProQuest Congressional Hearings Digital Collection. Reuse except for individual research requires license from ProQuest, LLC. 
520 |a Committee Serial No. 90-31. Considers American Association of State Highway Officials forecast of post 1975 interstate highway progress and effect of future increased auto use on auto safety, pollution and highway maintenance. 
538 |a System requirements: PDF reader software. 
500 |a Electronic resource. 
650 0 |a Traffic engineering  |z United States  |x Forecasting. 
650 0 |a Traffic estimation  |z United States. 
655 7 |a Electronic books.  |2 local 
710 2 |a ProQuest (Firm) 
776 0 8 |i Print version:  |a United States. Congress. House. Committee on Public Works. Subcommittee on Roads.  |t After 1975 Highway Program of AASHO 
776 0 8 |i Microfiche version:  |a United States. Congress. House. Committee on Public Works. Subcommittee on Roads.  |t After 1975 Highway Program of AASHO.  |d [Bethesda, Md.] : ProQuest,[2004]  |o CIS Hrgs MF Gp 3--(90) H2361-3  |w (ProQuest)cis10801542 
830 0 |a U.S. Congressional Hearings. 
856 4 0 |u http://proxy.library.tamu.edu/login?url=https://congressional.proquest.com/congcomp/getdoc?HEARING-ID=HRG-1968-PWH-0011  |z Connect to the full text of this electronic book  |t 0 
998 |a cis10801542 
999 |a MARS 
999 f f |s 8ad29b42-b6b4-380e-b77e-8dc1230dbef4  |i 8808a05b-f6c7-39cf-af49-d936d222fa46  |t 0 
952 f f |a Texas A&M University  |b College Station  |c Electronic Resources  |s www_evans  |d Available Online  |t 0  |e HRG-1968-PWH-0011  |h Other scheme 
998 f f |a HRG-1968-PWH-0011  |t 0  |l Available Online